000 00489nam a22001577a 4500
003 OSt
005 20260625112447.0
008 260625b |||||||| |||| 00| 0 eng d
040 _cChuka university library
100 _aPowell Sara Davis
_931120
245 _aAn introduction to education
_bchoosing your teaching path
260 _aColumbus
_bPearson publishers
_c2009
300 _avarious pagings
_billustrations
650 _aTeaching ---vocational guidance
_931121
942 _2lcc
_cBK
_n0
999 _c25179
_d25179